000
00257nam a2200097Ia 4500
001
709709
005
20250826162552.0
008
250824s9999 xx 000 0 und d
245
0
_a
ÇOCUKLAR GİBİ GÜZEL ÖYKÜLER
_c
VURAL KAYA
260
_b
YEDİVEREN YAYINLARI
999
_c
709709
_d
709709